000 00662nam a2200229Ia 4500
003 OSt
005 20220925222410.0
006 a|||||r|||| 00| 0
007 ta
008 220923b |||||||| |||| 00| 0 eng d
037 _cGeneral Book
040 _aRTL
_cRTL
_beng
041 _2eng
_aeng
082 _aX:99N.1, L3/TD
100 _aJolly Richard
_9144638
245 0 _aThird world employment problems and strategy
260 _aLondon
_bPenguin education
_c1973
300 _a447p
_ccm.
700 _a Kadt Emanuel de
_9287675
942 _hX:99N.1, L3/TD
_cGB
_2CC
999 _c576927
_d576927